logo

Bir Sreshtho Munshi Abdur Rouf Library
Jhenaidah Cadet College

মহাবিশ্বের পরিচয় / (Record no. 9260)

MARC details
000 -LEADER
fixed length control field 00685nam a22002297a 4500
001 - CONTROL NUMBER
JCCL Control Number 9260
003 - CONTROL NUMBER IDENTIFIER
JCCL marc code BD-JhCC
005 - DATE AND TIME OF LATEST TRANSACTION
control field 20180312123154.0
008 - FIXED-LENGTH DATA ELEMENTS--GENERAL INFORMATION
fixed length control field 180312b1961 bg ||||| |||| 00| 0 ben d
035 ## - SYSTEM CONTROL NUMBER
system control number (BD-JhCC)9260
040 ## - CATALOGING SOURCE
Original cataloging agency BD-JhCC
Modifying agency BD-JhCC
041 ## - LANGUAGE CODE
Language code of Book ben
082 ## - DEWEY DECIMAL CLASSIFICATION NUMBER
Classification number 523.1
Author mark and Year JIM 1961
100 ## - MAIN ENTRY--PERSONAL NAME
Personal name জিম, হার্বার্ট এস
245 ## - TITLE STATEMENT
Title মহাবিশ্বের পরিচয় /
Statement of responsibility, etc হার্বার্ট এস জিম
260 ## - PUBLICATION, DISTRIBUTION, ETC. (IMPRINT)
Place of publication, distribution, etc ঢাকা :
Name of publisher, distributor, etc ওসমানিয়া বুক ডিপো
Date of publication, distribution, etc 1961.
300 ## - PHYSICAL DESCRIPTION
Pagination 62 p. :
Dimensions 20 cm.
650 ## - SUBJECT ADDED ENTRY--TOPICAL TERM
Topical term or geographic name as entry element Astronomy
650 ## - SUBJECT ADDED ENTRY--TOPICAL TERM
Topical term or geographic name as entry element Cosmology
942 ## - ADDED ENTRY ELEMENTS (KOHA)
Source of classification or shelving scheme Dewey Decimal Classification
Koha item type Books
Holdings
Source of classification or shelving scheme Damaged status Not for loan Home library Current library Shelving location Date of accession Cost, normal purchase price Total Checkouts Full call number Barcode Date last seen Copy number Koha item type
Dewey Decimal Classification     JCC Rouf Library JCC Rouf Library General Stacks 03/12/2018 2.25   523.1 JIM 1961 11600 03/12/2018 C-13 Books

JCC Library | Contacts | JCC Home

Last Update on 23 September 2017
Copyright @ 2017-2020 JCC Rouf Library
Rouf Library, Jhenidah Cadet College (JCC), Bangladesh